000 00963nas a2200277 4500
001 BR2013003343
003 BR-BrBNA
005 20231205122316.0
007 ta
008 230509b bl.|||p| |||| 00| 00por d
040 _aBR-BrBNA
_bpor
_cBiblioteca Nacional de Agricultura
041 _a(Pt)
072 _aF08
100 1 _aPinto, C. de M.
100 1 _aPinto, O.R. de O.
100 1 _aPitombeira, J.P.
245 1 _aMamona e girassol no sistema de consorciação em arranjo de fileiras: habilidade competitiva
650 _aHELIANTHUS ANNUUS
650 _aRICINUS COMMUNIS
650 _aCOMPETIÇÃO BIOLÓGICA
650 _aCONSORCIAÇÃO DE CULTURA
773 0 _tRevista Brasileira de Agropecuária Sustentável (Brazil)
_xISSN 2178-5317
_g(Dec 2012), V. 2(2) p. 103-113
_wBR2013003343
856 4 0 _uhttp://www.rbas.com.br/downloads.php?arquivo=pdf/revista_4_artigo_87.pdf
909 _a202311
_bLúcia
_c55
_dLúcia Elande
942 _2AGRIS
_n0
_cANA
999 _c227988
_d227988